| 000 | 00798nam a22002177a 4500 | ||
|---|---|---|---|
| 008 | 140203t1981 xxkabd grd 001 0 eng d | ||
| 020 | _a070845654 | ||
| 082 | 0 | 4 |
_222 _a658.87 _bFOS |
| 100 | 1 |
_935023 _aFoster, Ann |
|
| 245 | 1 | 4 |
_aThe retail handbook : _ba practical guide to running a successful small retail business / _cAnn Foster and Bill Thomas. |
| 260 |
_aLondon : _bMcGraw-Hill Book Company (UK) Limited, _cc.1981. |
||
| 300 |
_axii, 158 p. : _bchart, maps, tables ; _c23 cm. |
||
| 500 | _aGlossary : p. 152-154. | ||
| 500 | _aIndex : p. 155-158. | ||
| 650 | 0 |
_aRetail trade _xManagement _935026 |
|
| 650 | 0 |
_935024 _aStores, Retail _xManagement |
|
| 653 |
_bBUSADM _cFebruary2014 |
||
| 655 |
_vreading book _934232 |
||
| 700 | 1 |
_935025 _aThomas, Bill _q(William H.) |
|
| 942 |
_2ddc _k658.87 FOS |
||
| 999 |
_c18010 _d17982 |
||